|
|
|
|
| LEADER |
01422nam a2200361Ia 4500 |
| 001 |
35159 |
| 003 |
BD-DhAAL |
| 005 |
20190828094356.0 |
| 008 |
190828t1996 sp ae 000 0 eng d |
| 999 |
|
|
|c 41073
|d 41073
|
| 020 |
|
|
|a 8481850292 (complete collection)
|
| 020 |
|
|
|a 8481850330 (vol. 01)
|
| 035 |
|
|
|a MITb10836434
|
| 035 |
|
|
|a (OCoLC)35711287
|
| 040 |
|
|
|a JNA
|c JNA
|d MYG
|d BD-DhAAL
|
| 049 |
|
|
|a MYGG
|
| 082 |
|
|
|2 20
|a 724.6
|
| 100 |
1 |
|
|a Asensio Cerver, Francisco.
|9 33675
|
| 245 |
1 |
0 |
|a New architecture :
|b a selection of contemporary architecture.
|
| 246 |
3 |
0 |
|a Selection of contemporary architecture
|
| 260 |
|
|
|a Barcelona, Spain :
|b Atrium International,
|c 1996
|
| 300 |
|
|
|a 191 pages :
|b color illustrations, plans ;
|c 34 cm.
|
| 490 |
1 |
|
|a Atrium series
|
| 500 |
|
|
|a "Author: Francisco Asensio Cerver."--T.p. verso.
|
| 526 |
|
|
|a ARC
|
| 541 |
|
|
|a Complimentary copy
|e 35159
|
| 650 |
|
0 |
|a Public architecture.
|9 33676
|
| 650 |
|
0 |
|a Architecture, Modern
|y 20th century
|v Designs and plans.
|9 33677
|
| 650 |
|
0 |
|a Architecture
|x Technological innovations.
|9 33678
|
| 830 |
|
0 |
|a Atrium series.
|9 33679
|
| 852 |
|
|
|a Department of Architecture
|c General Stacks
|
| 942 |
|
|
|2 ddc
|c BK
|
| 952 |
|
|
|0 0
|1 0
|2 ddc
|4 0
|6 724_600000000000000_ASE
|7 0
|9 66080
|a BRACUL
|b BRACUL
|c GEN
|d 2019-08-28
|e Complimentary Copy
|l 1
|m 9
|o 724.6 ASE
|p 3010035159
|r 2024-09-30
|s 2024-06-09
|t 1
|w 2019-08-28
|y BK
|x Transferred from ARC to BRACUL on 28/12/2023
|